000 00369nam a2200157Ia 4500
008 151213s9999 xx 000 0 und d
100 _aD.H.Lawrence
245 _aTwilight in Italy
_cD.H.Lawrence
250 _a1st
260 _aU; S.A
_bPenguijng Book
_c1990
300 _a4337 p.
650 _aEnglish
650 _aStory
700 _aD.H.Lawrence
999 _c2751
_d2751